| 000 | 00334nam a2200109Ia 4500 | ||
|---|---|---|---|
| 008 | 200302s9999 xx 000 0 und d | ||
| 100 | _aRajeshwari Tandon | ||
| 245 | _aA Case for National Policy for Heritage Conservation & Management | ||
| 260 | _bIndian National Trust for Art & Cultural Heritage | ||
| 260 | _c2002 | ||
| 300 | _a235 P., | ||
| 999 |
_c5686 _d5686 |
||